International Herald Tribune (Record no. 119838)

MARC details
000 -LEADER
fixed length control field 00470cam a2200157 4500
001 - CONTROL NUMBER
control field WS114137
008 - FIXED-LENGTH DATA ELEMENTS--GENERAL INFORMATION
fixed length control field 010815n 000 0 eng u
035 ## - SYSTEM CONTROL NUMBER
System control number (Sirsi) u114137
245 ## - TITLE STATEMENT
Title International Herald Tribune
520 ## - SUMMARY, ETC.
Summary, etc. Web site for this American newspaper giving daily news and analysis.
650 ## - SUBJECT ADDED ENTRY--TOPICAL TERM
Topical term or geographic name entry element USA
650 ## - SUBJECT ADDED ENTRY--TOPICAL TERM
Topical term or geographic name entry element INTERNATIONAL
650 ## - SUBJECT ADDED ENTRY--TOPICAL TERM
Topical term or geographic name entry element NEWSPAPER
856 40 - ELECTRONIC LOCATION AND ACCESS
Uniform Resource Identifier <a href="https://www.iht.com">https://www.iht.com</a>
Public note View the website free of charge at www.iht.com...
942 ## - ADDED ENTRY ELEMENTS (KOHA)
Suppress in OPAC 0
Holdings
Withdrawn status Lost status Source of classification or shelving scheme Damaged status Not for loan Home library Current library Shelving location Date acquired Total Checkouts Full call number Barcode Date last seen Copy number Price effective from Koha item type
    Dewey Decimal Classification     Virtual Virtual Online 15/08/2001   WEB SITE 114137-2001 06/08/2019 1 06/08/2019 Online material